<?xml version="1.0" encoding="UTF-8"?>
<record
    xmlns:xsi="http://www.w3.org/2001/XMLSchema-instance"
    xsi:schemaLocation="http://www.loc.gov/MARC21/slim http://www.loc.gov/standards/marcxml/schema/MARC21slim.xsd"
    xmlns="http://www.loc.gov/MARC21/slim">

  <leader>00872nam a2200193 i 4500</leader>
  <controlfield tag="001">70213</controlfield>
  <controlfield tag="003">ES-MaACL</controlfield>
  <controlfield tag="005">20230906170745.0</controlfield>
  <controlfield tag="007">t|</controlfield>
  <controlfield tag="008">040720s1959    sp           ||||1| spa d</controlfield>
  <datafield tag="100" ind1="1" ind2=" ">
    <subfield code="a">Garc&#xED;a Prado, Justiniano.</subfield>
    <subfield code="9">55134</subfield>
  </datafield>
  <datafield tag="245" ind1="1" ind2="0">
    <subfield code="a">Guerra de la independencia (1808-1814) </subfield>
    <subfield code="b">: "Asturias, nunca vencida" en operaciones militares en el principado / </subfield>
    <subfield code="c">por Justiniano Garc&#xED;a Prado.</subfield>
  </datafield>
  <datafield tag="260" ind1=" " ind2=" ">
    <subfield code="a">[Oviedo : </subfield>
    <subfield code="b">s.n., </subfield>
    <subfield code="c">1959] (</subfield>
    <subfield code="f">Tip. Residencia Provincial de Ni&#xF1;os)</subfield>
  </datafield>
  <datafield tag="300" ind1=" " ind2=" ">
    <subfield code="a">157 p., 25 l&#xE1;m. : </subfield>
    <subfield code="b">il. ; </subfield>
    <subfield code="c">24 cm.</subfield>
  </datafield>
  <datafield tag="500" ind1=" " ind2=" ">
    <subfield code="a">Precede al t&#xED;t.: Diputaci&#xF3;n Provincial de Oviedo, II Congreso Internacional de la Guerra de la Independencia.</subfield>
  </datafield>
  <datafield tag="710" ind1="0" ind2="0">
    <subfield code="a">Oviedo (Provincia). </subfield>
    <subfield code="b">Diputaci&#xF3;n Provincial.</subfield>
    <subfield code="9">6085</subfield>
  </datafield>
  <datafield tag="711" ind1="2" ind2=" ">
    <subfield code="a">Congreso Internacional de la Guerra de la Independencia (</subfield>
    <subfield code="n">2&#xBA;. </subfield>
    <subfield code="c">Oviedo)</subfield>
    <subfield code="9">439</subfield>
  </datafield>
  <datafield tag="852" ind1=" " ind2=" ">
    <subfield code="a">ES-MaACL</subfield>
    <subfield code="j">C-16946 </subfield>
    <subfield code="b">R.44578</subfield>
  </datafield>
  <datafield tag="999" ind1=" " ind2=" ">
    <subfield code="c">70213</subfield>
    <subfield code="d">70213</subfield>
  </datafield>
  <datafield tag="952" ind1=" " ind2=" ">
    <subfield code="0">0</subfield>
    <subfield code="1">0</subfield>
    <subfield code="4">0</subfield>
    <subfield code="7">0</subfield>
    <subfield code="a">ATENEOM</subfield>
    <subfield code="b">ATENEOM</subfield>
    <subfield code="c">Galer&#xED;a</subfield>
    <subfield code="d">2008-01-17</subfield>
    <subfield code="e">SC</subfield>
    <subfield code="l">0</subfield>
    <subfield code="o">C-16946</subfield>
    <subfield code="p">1073522</subfield>
    <subfield code="r">2023-02-23 00:00:00</subfield>
    <subfield code="w">2023-02-23</subfield>
    <subfield code="y">MONOGRAFIA</subfield>
  </datafield>
</record>
